000 00511nam a2200181Ia 4500
001 22693
005 20260414150847.0
008 260414t2011||||xx |||||||||||||| ||spa||
041 _aESP
082 _a621.38412
_bR71
100 _aRoblin, Patrick
_eAUT
245 0 _aNonlinear RF circuits and nonlinear vector network analyzers :
_binteractive measurement and design techniques
260 _c2011
300 _axvi, 283 páginas :
_c25 cm.
650 _aTCA
654 _aCET
942 _cLIB
_dJUS
_fJUS
_2ddc
_n
999 _c22693
_d22693